|
|
|
|
| LEADER |
00000ny a22000003n 4500 |
| 005 |
20110609121554.0 |
| 008 |
s2006 sp 001 0 spa c |
| 020 |
|
|
|a 9788497727853
|
| 035 |
|
|
|a 1377
|
| 040 |
|
|
|a SpMaUCCP
|d vLex
|
| 080 |
|
|
|a 323.2
|
| 090 |
|
|
|c 605
|d 605
|
| 245 |
0 |
3 |
|a La participacin̤ ciudadana en grandes ciudades
|h [Recurso electrn̤ico]
|c Manuel Villoria, âAngel Iglesias Alonso, Leticia Delgado Godoy (coordinadores)
|
| 256 |
|
|
|a Servicio en ln̕ea
|
| 260 |
|
|
|a Madrid :
|b Dykinson,
|c 2006
|
| 300 |
|
|
|a p. ;
|c cm
|
| 500 |
|
|
|a Incluye las ponencias presentadas en el Primer Congreso Internacional de Participacin̤ Ciudadana de Madrid, as ̕como las comunicaciones aportadas en el Seminario Municipal "Participacin̤ Ciudadana, un Elemento de Modernizacin̤ del Gobierno Loc
|
| 506 |
1 |
|
|a Contenido solo disponible en los productos indicados
|d vLex Global
|d vLex Global (Academic Edition, excluding Law Schools)
|d vLex Global (U.S. Academic Edition, Law Schools)
|d vLex Global (U.S. Academic Edition, excluding Law Schools)
|d vLex Global (Academic Edition, Law Schools)
|
| 650 |
0 |
7 |
|a Tributario
|2 Tesauro vLex
|
| 650 |
0 |
7 |
|a Participacin̤ ciudadana
|2 Tesauro vLex
|
| 700 |
1 |
|
|a Delgado Godoy, Leticia,
|e coord.
|
| 700 |
1 |
|
|a Iglesias Alonso, ℓngel,
|e coord.
|
| 700 |
1 |
|
|a Villoria Mendieta, Manuel,
|e coord.
|
| 711 |
2 |
|
|a Congreso Internacional de Participacin̤ Ciudadana de Madrid
|n (1®.
|d 2004)
|
| 711 |
2 |
|
|a Seminario Municipal "Participacin̤ Ciudadana, un Elemento de Modernizacin̤ del Gobierno Local"
|n (1®.
|d 2004.
|c Madrid)
|
| 740 |
0 |
|
|a vLex Libros (Servicios en ln̕ea)
|
| 856 |
4 |
0 |
|u http://vlex.com/source/1377
|z Acceso restringido
|
| 942 |
|
|
|c BOOK
|
| 999 |
0 |
|
|a Law
|b Madrid
|